La erosión

محفوظ في:
التفاصيل البيبلوغرافية
المؤلف الرئيسي: Pou Royo, Antonio (مؤلف)
التنسيق: كتاب
اللغة:الإسبانية
منشور في: Madrid Ministerio de Obras Públicas y Urbanismo, Centro de Publicaciones 1988
سلاسل:Unidades temáticas ambientales
الموضوعات:
الوسوم: إضافة وسم
لا توجد وسوم, كن أول من يضع وسما على هذه التسجيلة!

MARC

LEADER 00000nam a2200000 a 4500
001 UCV5927
003 CL-VaPUC
008 921008e19880000SP |||||||||||||||||spa|d
082 0 4 |a 551.302  |b POU  |2 21 
100 0 |a Pou Royo, Antonio  |e author  |9 300148 
245 1 3 |a La erosión 
300 |a 120 p 
942 |c BK 
945 |d 19921008 00:00:00 
260 |a Madrid  |b Ministerio de Obras Públicas y Urbanismo, Centro de Publicaciones  |c 1988 
650 0 |a Erosión  |9 262782 
583 |a last modification  |c 19921008 00:00:00  |k Rodrigo Vera 
490 0 |a Unidades temáticas ambientales 
999 |c 212216  |d 212214